000 00275nam a2200109Ia 4500
008 190914s9999||||xx |||||||||||||| ||und||
100 _aDr. Ikramul Haq
245 0 _aPractical Handbook of Income Tax
260 _aNew Delhi
_bAddison -Wesley
_c1993
300 _a287
942 _cBK
999 _c9033
_d9033